000 00611cam a22002053a 4500
001 40828
003 PGUSA
005 20140828083919.0
008 120922s2012||||xxu|||||s|||||000 | eng d
040 _aPGUSA
_beng
042 _adc
100 1 _aLe Queux, William,
_d1864-1927
245 1 4 _aThe Closed Book :
_bConcerning the Secret of the Borgias
_h[electronic resource] /
_cWilliam Le Queux
260 _bProject Gutenberg,
_c2012
506 _aPublic domain in the USA.
516 _aElectronic text
830 0 _aProject Gutenberg
_v40828
856 4 0 _uhttp://www.gutenberg.org/ebooks/40828
942 _cEB
999 _c270080
_d270080